Statistiken für Die umsatzstärksten Filme weltweit

Klicken Sie hier um das Quiz zu spielen!

Allgemein

  • Dieses Quiz wurde 85 mal gespielt
  • Das Durchschnittsergebnis liegt bei 5 aus 30

Antwortstatistiken

UmsatzErscheinungsjahrFilm% Korrekt
1,519,6 Milliarden2012Avengers
73%
2,27 Milliarden1997Titanic
72%
2,8 Milliarden2019Avengers - Endgame
47%
2,94 Milliarden2009Avatar - Aufbruch nach Pandora
40%
2,05 Milliarden2018Avengers - Infinity War
35%
1,44 Milliarden2023Barbie
29%
1,92 Milliarden2021Spider-Man - No Way Home
27%
2,32 Milliarden2022Avatar - The Way of Water
24%
1,40 Milliarden2015Avengers - Age of Ultron
23%
2,07 Milliarden2015Star Wars - Das Erwachen der Macht
19%
1,21 Milliarden2013Iron Man 3
17%
1,13 Milliarden2019Spider-Man - Far From Home
15%
1,66 Milliarden2019Der König der Löwen
12%
1,67 Milliarden2015Jurassic World
12%
1,519,8 Milliarden2015Fast and Furious 7
11%
1,349 Milliarden2018Black Panther
9%
1,146 Milliarden2003Der Herr der Ringe - Die Rückkehr des Königs
9%
1,33 Milliarden2017Star Wars - Die letzten Jedi
9%
1,45 Milliarden2019Die Eiskönigin 2
7%
1,342 Milliarden2011Harry Potter und die Heiligtümer des Todes Teil 2
7%
1,16 Milliarden2015Minions
7%
1,49 Milliarden2022Top Gun Maverick
7%
1,23 Milliarden2017Fast and Furious 8
5%
1,148 Milliarden2018Aquaman
3%
1,36 Milliarden2023Der Super Mario Bros. Film
3%
1,15 Milliarden2016The First Avenger - Civil War
3%
1,28 Milliarden2013Die Eiskönigin - Völlig unverfroren
1%
1,27 Milliarden2017Die Schöne und das Biest
1%
1,24 Milliarden2018Die Unglaublichen 2
1%
1,31 Milliarden2018Jurassic World - Das gefallene Königreich
1%

Verteilung der Resultate

Perzentil nach korrekt beantworteten Fragen

Anzahl Personen mit jedem Resultat

Ihre Resultats-Entwicklung

Sie haben dieses Quiz noch nicht gespielt